Movies Quiz

Random Movies or Box Office Quiz

Highest Grossing Films by Any Word Quiz Stats

 Plays Quiz Updated Jan 29, 2020

Support Sporcle.
Go Orange.
Score 0/200 Timer 10:00
7 Plays Today
Year Film % Correct
1980Star Wars: Episode V - The Empire Strikes Back
98.8%
2018Solo: A Star Wars Story
98.6%
1999Star Wars: Episode I - The Phantom Menace
98.6%
2010Harry Potter and the Deathly Hallows: Part 1
98.2%
2002Star Wars: Episode II - Attack of the Clones
98%
2005Star Wars: Episode III - Revenge of the Sith
97.9%
1983Star Wars: Episode VI - Return of the Jedi
97.9%
2011The Twilight Saga: Breaking Dawn - Part 1
97.8%
1977Star Wars: Episode IV - A New Hope
97.8%
2014The Hunger Games: Mockingjay - Part 1
97.8%
2015Star Wars: Episode VII - The Force Awakens
97.7%
2012Marvel's The Avengers
97.4%
2011Harry Potter and the Deathly Hallows: Part 2
97.2%
2017Star Wars: Episode VIII - The Last Jedi
97.1%
2007Harry Potter and the Order of the Phoenix
97.1%
2004Harry Potter and the Prisoner of Azkaban
97.1%
2002Harry Potter and the Chamber of Secrets
97%
2009Harry Potter and the Half-Blood Prince
97%
2001Harry Potter and the Sorcerer's Stone
97%
2005Harry Potter and the Goblet of Fire
97%
2007Pirates of the Caribbean: At World's End
96.9%
2012The Amazing Spider-Man
96.7%
2002The Lord of the Rings: The Two Towers
96.6%
2003The Lord of the Rings: The Return of the King
96.6%
1985Back to the Future
96.6%
2003Pirates of the Caribbean: The Curse of the Black Pearl
96.5%
2001The Lord of the Rings: The Fellowship of the Ring
96.4%
2011Transformers: Dark of the Moon
96.3%
2006Pirates of the Caribbean: Dead Man's Chest
96.3%
2012The Hobbit: An Unexpected Journey
96.2%
2012The Twilight Saga: Breaking Dawn - Part 2
96.1%
2005The Chronicles of Narnia: The Lion, the Witch and the Wardrobe
96.1%
2011Pirates of the Caribbean: On Stranger Tides
96.1%
2015The Hunger Games: Mockingjay - Part 2
96.1%
2006The Da Vinci Code
96%
2006X-Men: The Last Stand
96%
1997The Lost World: Jurassic Park
96%
2006Night at the Museum
95.9%
2008Indiana Jones and the Kingdom of the Crystal Skull
95.9%
2014The Hobbit: The Battle of the Five Armies
95.9%
2017Jumanji: Welcome to the Jungle
95.8%
2008The Dark Knight
95.8%
2012The Dark Knight Rises
95.8%
1994The Lion King
95.8%
2019The Lion King
95.7%
2005War of the Worlds
95.7%
2007Shrek the Third
95.7%
2013The Hobbit: The Desolation of Smaug
95.7%
2009Transformers: Revenge of the Fallen
95.6%
1991Beauty and the Beast
95.6%
2009The Twilight Saga: New Moon
95.6%
2013The Hunger Games: Catching Fire
95.5%
2012The Hunger Games
95.4%
2014Guardians of the Galaxy
95.4%
2011The Hangover Part II
95.3%
2010The Twilight Saga: Eclipse
95.3%
2019Star Wars: Episode IX - The Rise of Skywalker
95.3%
1982E.T.: the Extra-Terrestrial
95.2%
2018Ant-Map and the Wasp
95.2%
1981Raiders of the Lost Ark
95.2%
2004The Passion of the Christ
95.1%
2016The Secret Life of Pets
95%
2017Guardians of the Galaxy Vol. 2
94.9%
2013Oz the Great and Powerful
94.9%
2014Dawn of the Planet of the Apes
94.9%
2004The Incredibles
94.8%
2012Dr. Seuss' The Lorax
94.8%
Year Film % Correct
2007Alvin and the Chipmunks
94.7%
2003The Matrix Reloaded
94.7%
2009Alvin and the Chipmunks: The Squeakquel
94.6%
2017Beauty and the Beast
94.6%
2000How the Grinch Stole Christmas
94.5%
2009The Hangover
94.4%
2007The Bourne Ultimatum
94.4%
2016The Jungle Book
94.3%
2019Jumanji: The Next Level
94.3%
2014The LEGO Movie
94.3%
2009The Blind Side
94.2%
1999The Sixth Sense
94.1%
2017The Fate of the Furious
94.1%
2004Meet the Fockers
94.1%
1973The Exorcist
94%
2015The Martian
93.9%
2018Dr. Seuss' The Grinch
93.3%
2007I Am Legend
92.5%
2016Batman v Superman: Dawn of Justice
92.2%
2016Fantastic Beasts and Where to Find Them
90.3%
2015Avengers: Age of Ultron
88.7%
2016Rogue One: A Star Wars Story
87.3%
2019Avengers: Endgame
87.3%
2013Man of Steel
85.2%
2013Fast & Furious 6
85.2%
1997Men in Black
84.7%
2014X-Men: Days of Future Past
84.4%
2010Iron Man 2
84.3%
2019Spider-Man: Far from Home
84.1%
2018Avengers: Infinity War
84%
2004Spider-Man 2
83.8%
2013Iron Man 3
83.4%
2007Spider-Man 3
82.9%
2013Despicable Me 2
81.9%
2019Toy Story 4
81.3%
2010How to Train Your Dragon
81%
2014Transformers: Age of Extinction
81%
1997Titanic
80.4%
2017Despicable Me 3
80.3%
2002Austin Powers in Goldmember
79.5%
2010Alice in Wonderland
79.5%
1999Toy Story 2
79.5%
2019Frozen II
79%
2011Fast Five
78.7%
2010Toy Story 3
78.2%
2017Spider-Man: Homecoming
77.9%
2019It Chapter Two
76.7%
2009Avatar
76.7%
2007National Treasure: Book of Secrets
76.6%
2003X2: X-Men United
76%
2013Star Trek Into Darkness
75.6%
2008Iron Man
74.9%
2002Spider-Man
74.8%
2009Star Trek
74.4%
2004Shrek 2
73.8%
2008WALL·E
71.3%
2016Captain America: Civil War
70.1%
2010Despicable Me
69.4%
2000Mission: Impossible II
69.2%
2018Incredibles 2
68.6%
2018Deadpool 2
67.3%
1995Toy Story
67.2%
2001Rush Hour 2
65.1%
2012Madagascar 3: Europe's Most Wanted
63.2%
2019Captain Marvel
61.1%
1989Batman
59.4%
2014Captain America: Winter Soldier
53.9%
Year Film % Correct
2014Big Hero 6
53.6%
2017Wonder Woman
50.7%
2018Jurassic World: Fallen Kingdom
49.6%
2015Furious 7
48.3%
1993Jurassic Park
48%
2010Shrek Forever After
47.6%
2018Black Panther
46.8%
2018A Star is Born
46.7%
2017It
46.1%
2015Jurassic World
45.4%
2002My Big Fat Greek Wedding
44.8%
2001Shrek
44.4%
2017Thor: Ragnarok
44.2%
2009Up
43.6%
2018Venom
42.7%
2001Monsters Inc.
40.4%
2013Frozen
40%
2007Transformers
39.7%
1996Independence Day
39.1%
2005King Kong
38.9%
2003Finding Nemo
36.4%
2011Mission: Impossible - Ghost Protocol
34.9%
2016Doctor Strange
34.1%
2006Cars
34%
2016Finding Dory
33.6%
2008Kung Fu Panda
33.2%
2019Aladdin
32.6%
2015Inside Out
32.3%
2018Mission: Impossible - Fallout
30.1%
1975Jaws
28%
1994Forrest Gump
27.9%
2013Monsters University
25.6%
2006300
25.3%
2019Joker
24%
2016Deadpool
23.6%
1992Aladdin
22.8%
2014American Sniper
22.8%
2012Brave
22.5%
1998Saving Private Ryan
20.7%
2017Justice League
20.5%
2012Skyfall
20.2%
2018Aquaman
20.1%
2016Moana
19.4%
1990Ghost
19.3%
2015Minions
18.6%
1990Home Alone
18.2%
2010Inception
17.8%
2016Zootopia
17.4%
2017Coco
15.6%
2017Logan
14.2%
2016Suicide Squad
13.3%
1993Mrs. Doubtfire
12.1%
1984Ghostbusters
11.7%
2000Cast Away
11.5%
2013Gravity
11.3%
2016Sing
10.7%
2009Sherlock Holmes
10.4%
2018Bohemian Rhapsody
10.1%
2005Wedding Crashers
10.1%
1984Beverly Hills Cop
8.9%
2014Maleficent
6.8%
2008Hancock
6.5%
1996Twister
6.2%
2002Signs
6%
2003Bruce Almighty
5.4%
2012Ted
5.4%

From the Vault

Silver Sluggers (Pitcher)

by Derek

Sports 4m
A .151 average, 6 home runs, and 11 RBI's doesn't win many offensive awards.
Remove Ads.
Support Sporcle.
Get the best of Sporcle when you Go Orange. This ad-free experience offers more features, more stats, and more fun while also helping to support Sporcle. Thank you for becoming a member.

Show Comments

Extras

Top Quizzes Today


Score Distribution

Your Account Isn't Verified!

In order to create a playlist on Sporcle, you need to verify the email address you used during registration. Go to your Sporcle Settings to finish the process.

Report this User

Report this user for behavior that violates our Community Guidelines.

Details: